Statistiques concernant Pays par indices

Cliquez ici pour prendre le quiz!

Statistiques générales

  • Ce quiz a été pris 190 fois
  • Le résultat moyen est 14 sur 15

Statistiques - réponses

IndicePays% Correct
Muraille, ShanghaiChine
100%
Gratte-ciel, HamburgerEtats-Unis
99%
Carnaval, SambaBrésil
99%
Outback, KangourouAustralie
98%
Pizza, ColiséeItalie
97%
Pape, Très petit paysCité du Vatican
97%
Zeus, CycladesGrèce
96%
Tacos, YucatanMexique
94%
Taïga, Grand paysRussie
90%
Bali, Nombreuses îlesIndonésie
89%
Kiwi, MaoriNouvelle-Zélande
87%
Dubrovnik, YougoslavieCroatie
84%
Casino, F1Monaco
83%
Burj Khalifa, DésertEmirats arabes unis
74%
Steppes, NomadesMongolie
68%

Distribution des résultats

Percentile par nombre de réponses

% des personnes avec chaque résultat

Votre développement - résultats

Vous n’avez pas pris ce quiz